000 00571nam a2200181Ia 4500
003 IN-BaIIA
008 211028s9999 xx 000 0 eng d
020 _a0-19-850531-0
040 _cIIA Library
080 _a5(04)
_bPER
100 _aPerutz, M. F
_923291
245 0 _aI wish I'd made you angry earlier
_bessays on science, scientists, and humanity
_cM. F. Perutz
260 _aOxford
_bOxford University Press
_c1998
300 _axv, 354p.
650 _aDiscoveries
_923292
650 _aScience
_91299
942 _cBK
999 _c13232
_d13232